Investigación sobre el conocimiento humano
Guardat en:
| Autor principal: | |
|---|---|
| Format: | Llibre |
| Idioma: | espanyol |
| Publicat: |
Madrid, España.
Alianza,
2015
|
| Edició: | 2a. ed |
| Col·lecció: | Filosofía, 32
|
| Matèries: | |
| Etiquetes: |
Afegir etiqueta
Sense etiquetes, Sigues el primer a etiquetar aquest registre!
|
MARC
| LEADER | 00000cam a2200000 a 4500 | ||
|---|---|---|---|
| 001 | UCB0271 | ||
| 003 | CL-VaPUC | ||
| 005 | 20211207102252.0 | ||
| 008 | 191220e20150000sp spa d | ||
| 999 | |c 375916 |d 375914 | ||
| 020 | |a 9788420693873 | ||
| 040 | |c Pontificia Universidad Católica de Valparaíso | ||
| 082 | 0 | 4 | |a 146.4 HUM 2015 |2 21 |
| 100 | |a Hume, David |e author |9 858138 | ||
| 245 | 1 | 0 | |a Investigación sobre el conocimiento humano |
| 250 | |a 2a. ed | ||
| 260 | |a Madrid, España. |b Alianza, |c 2015 | ||
| 300 | |a 242 páginas | ||
| 490 | 0 | |a Filosofía, 32 | |
| 583 | |a last modification |c 20191220 13:26:00 |k cmena | ||
| 650 | 0 | 0 | |a Filosofía Escocesa |2 CL-VaPUC |9 345970 |
| 650 | 0 | 0 | |a Filósofos Escoceses |2 CL-VaPUC |9 345971 |
| 650 | 0 | 0 | |a Empirismo |9 255037 |
| 650 | 0 | 0 | |a Teoría del conocimiento |9 255038 |
| 852 | |a BIBCUR | ||
| 942 | |c BK |2 ddc | ||
| 945 | |a dcastane |d 20191220 13:26:00 | ||
| 952 | |0 0 |1 0 |2 ddc |4 0 |6 146_400000000000000_HUM_2015 |7 0 |9 495022 |a BIBGIM |b BIBGIM |d 2019-12-18 |e 11 |g 13000.00 |i 5569184 |l 2 |o 146.4 HUM 2015 |p 5569184 |r 2025-01-15 |s 2023-04-24 |t 5 |v 13000.00 |w 2019-12-18 |y BK | ||
| 952 | |0 0 |1 0 |2 ddc |4 0 |6 146_400000000000000_HUM_2015 |7 0 |9 495023 |a BIBGIM |b BIBGIM |d 2019-12-18 |e 11 |g 13000.00 |i 5569176 |l 1 |o 146.4 HUM 2015 |p 5569176 |r 2025-01-15 |s 2023-03-30 |t 4 |v 13000.00 |w 2019-12-18 |y BK | ||
| 952 | |0 0 |1 0 |2 ddc |4 0 |6 146_400000000000000_HUM_2015 |7 0 |9 495024 |a BIBGIM |b BIBGIM |d 2019-12-18 |e 11 |g 13000.00 |i 5569141 |o 146.4 HUM 2015 |p 5569141 |r 2025-01-15 |t 1 |v 13000.00 |w 2019-12-18 |y BK | ||
| 952 | |0 0 |1 0 |2 ddc |4 0 |6 146_400000000000000_HUM_2015 |7 0 |9 495025 |a BIBGIM |b BIBGIM |d 2019-12-18 |e 11 |g 13000.00 |i 556915K |l 1 |o 146.4 HUM 2015 |p 556915K |r 2025-01-15 |s 2023-03-30 |t 2 |v 13000.00 |w 2019-12-18 |y BK | ||
| 952 | |0 0 |1 0 |2 ddc |4 0 |6 146_400000000000000_HUM_2015 |7 0 |9 495026 |a BIBGIM |b BIBGIM |d 2019-12-18 |e 11 |g 13000.00 |i 5569168 |l 1 |o 146.4 HUM 2015 |p 5569168 |r 2025-01-15 |s 2023-03-30 |t 3 |v 13000.00 |w 2019-12-18 |y BK | ||